00651nam a22001937a 450000500170000001000130001702000190003003700170004904000120006608200160007810000210009424500900011526000840020527000760028930000240036550000240038965000220041365000220043520170124110011.0 aA-240916 c75.00aA240916 bCen Lib/ Ret aDPLbEN a347.91bDES aDeshpande, V. S. aA chandrachud reader :cby V. S.Deshpandebcollection of judgments with annotations / a New DelhibDocumentation Center for Corporate & Business Policy Researchc1985 aA2/24, Azad Appartments App.IIT Sri Aurobindo Marg b New Delhie110016 axi,112p. c20cm(Hb) aIncludes appendices aPolitical Science aJudicial opinions